<?xml version="1.0" encoding="UTF-8"?>
<marc:record xmlns:marc="http://www.loc.gov/MARC21/slim">
   <marc:leader>00000nam a2200000 a 4500</marc:leader>
   <marc:datafield ind1="1" ind2=" " tag="100">
      <marc:subfield code="a">Auer, Margit</marc:subfield>
      <marc:subfield code="4">aut</marc:subfield>
      <marc:subfield code="e">Verfasser/-in</marc:subfield>
   </marc:datafield>
   <marc:datafield ind1="0" ind2="0" tag="245">
      <marc:subfield code="a">Henry und Leander - Endlich Ferien</marc:subfield>
   </marc:datafield>
   <marc:datafield ind1=" " ind2="1" tag="264">
      <marc:subfield code="b">Carlsen Verlag GmbH</marc:subfield>
      <marc:subfield code="c">2018</marc:subfield>
   </marc:datafield>
   <marc:datafield ind1="1" ind2=" " tag="490">
      <marc:subfield code="a">Die Schule der magischen Tiere</marc:subfield>
   </marc:datafield>
   <marc:datafield ind1="1" ind2=" " tag="520">
      <marc:subfield code="a">In der Schule der magischen Tiere heißt es: Endlich Ferien! Die magischen Tiere packen ihre Koffer – und das Abenteuer beginnt …
Geister, Geheimnisse und Mitternachtspartys! Henry und sein magischer Leopard Leander machen Urlaub in einem echten Gespensterschloss. Dort wohnen nämlich Henrys Großeltern. Dumm nur, dass seine eingebildeten Cousinen auch da sind. Höchste Zeit für einen Gruselstreich! Doch plötzlich spukt es wirklich im Schloss. Zum Glück hat Henry mit seinem Leoparden Leander den besten Geisterjäger der Welt ...</marc:subfield>
   </marc:datafield>
   <marc:datafield ind1=" " ind2=" " tag="020">
      <marc:subfield code="a">9783551653338</marc:subfield>
      <marc:subfield code="9">9783551653338</marc:subfield>
   </marc:datafield>
</marc:record>
